[Event "Online Olym Div Top-D"]
[Site "Chess.com INT"]
[Date "2020.08.21"]
[Round "3.4"]
[White "Markantonaki, Haritomeni"]
[Black "Cyfka, Karina"]
[Result "0-1"]
[WhiteElo "2185"]
[BlackElo "2411"]
[PlyCount "88"]
[EventDate "2020.08.21"]
[EventType "team-tourn (rapid)"]
[EventRounds "9"]
[EventCountry "USA"]
[SourceTitle "CBM 198"]
[Source "ChessBase"]
[SourceDate "2020.10.31"]
[SourceVersion "1"]
[SourceVersionDate "2020.10.31"]
[SourceQuality "1"]
[WhiteTeam "Greece"]
[BlackTeam "Poland"]
[WhiteTeamCountry "GRE"]
[BlackTeamCountry "POL"]

1. e4 e5 2. Nf3 Nc6 3. Bb5 a6 4. Ba4 Nf6 5. 0-0 b5 6. Bb3 Bc5 7. c3 d6 8. d4 Bb6 9. a4 Bg4 10. Be3 0-0 11. h3 Bxf3 12. gxf3 Nh5 13. axb5 axb5 14. Rxa8 Qxa8 15. Bd5 Qe8 16. Bxc6 Qxc6 17. d5 Qd7 18. Kh2 f5 19. Na3 Bxe3 20. fxe3 f4 21. Nc2 Rf6 22. Rg1 Ng3 23. exf4 exf4 24. Qd2 Rh6 25. Qg2 Rg6 26. Qd2 Rh6 27. Qg2 c5 28. dxc6 Qxc6 29. Nd4 Qe8 30. Ne2 Nh5 31. Qg4 Rg6 32. Qf5 Rf6 33. Qd5+ Kh8 34. Ra1 Rf8 35. Qxd6 h6 36. Ra7 Rf6 37. Qd5 Rf8 38. Rb7 Qg6 39. Qd4 Ng3 40. Qg1 Rd8 41. Nxf4 Rd2+ 42. Ng2 Nh5 43. Kh1 Qg3 44. Nf4 Qxf3+ 0-1

[Event "Online Olym Div2 B"]
[Site "Chess.com INT"]
[Date "2020.08.15"]
[Round "6.4"]
[White "Verbin, Valentina"]
[Black "Markantonaki, Haritomeni"]
[Result "0-1"]
[WhiteElo "1982"]
[BlackElo "2185"]
[PlyCount "78"]
[EventDate "2020.08.14"]
[EventType "team-tourn (rapid)"]
[EventRounds "9"]
[EventCountry "USA"]
[SourceTitle "CBM 198"]
[Source "ChessBase"]
[SourceDate "2020.10.31"]
[SourceVersion "1"]
[SourceVersionDate "2020.10.31"]
[SourceQuality "1"]
[WhiteTeam "Moldova"]
[BlackTeam "Greece"]
[WhiteTeamCountry "MDA"]
[BlackTeamCountry "GRE"]

1. Nf3 Nf6 2. d4 e6 3. c4 Bb4+ 4. Bd2 Qe7 5. g3 Bxd2+ 6. Qxd2 Nc6 7. Bg2 d5 8. 0-0 0-0 9. Nc3 dxc4 10. e4 Rd8 11. e5 Nd5 12. Qe2 Nb6 13. Rfd1 Bd7 14. h4 Be8 15. Qe4 h6 16. g4 Nb4 17. g5 h5 18. Qf4 Nd3 19. Qg3 Bc6 20. b3 Nb4 21. Ne2 g6 22. bxc4 Nxc4 23. Rac1 b5 24. Nc3 Rab8 25. Qf4 Nd5 26. Nxd5 Bxd5 27. Ra1 a5 28. Bh3 a4 29. Ne1 Nb2 30. Rdb1 a3 31. Nc2 b4 32. Qe3 Rdc8 33. f4 c5 34. dxc5 Rxc5 35. Nd4 Rbc8 36. Qd2 Rc3 37. Kh2 Rd3 38. Qf2 Qa7 39. f5 Qxd4 0-1

[Event "GRE CupT final 37th"]
[Site "Patras"]
[Date "2019.07.01"]
[Round "3.2"]
[White "Markantonaki, Haritomeni"]
[Black "Kouskoutis, Georgios Alexandros"]
[Result "0-1"]
[WhiteElo "2172"]
[BlackElo "2256"]
[PlyCount "206"]
[EventDate "2019.06.30"]
[EventType "team-k.o."]
[EventRounds "3"]
[EventCountry "GRE"]
[SourceTitle "CBM 191 Extra"]
[Source "ChessBase"]
[SourceDate "2019.09.30"]
[SourceVersion "1"]
[SourceVersionDate "2019.09.30"]
[SourceQuality "1"]
[WhiteTeam "Asia Aegiou"]
[BlackTeam "Eoac Fysiolatris"]
[WhiteTeamCountry "GRE"]
[BlackTeamCountry "GRE"]

1. e4 c5 2. Nf3 d6 3. d4 cxd4 4. Nxd4 Nf6 5. Nc3 g6 6. Be3 Bg7 7. f3 a6 8. Qd2 h5 9. 0-0-0 Nbd7 10. Kb1 b5 11. Nd5 Nxd5 12. exd5 Bb7 13. Nb3 Nf6 14. c4 bxc4 15. Bxc4 Qd7 16. Rhe1 0-0 17. Bh6 Rfc8 18. Bxg7 Kxg7 19. Qe2 Rc7 20. h3 h4 21. Rd4 Rh8 22. Qf2 Qf5+ 23. Bd3 Qg5 24. f4 Qg3 25. Qxg3 hxg3 26. Re3 Bxd5 27. Bxa6 Bxg2 28. Rxg3 Bxh3 29. a4 Be6 30. Bb5 Rh1+ 31. Ka2 Ra7 32. Ka3 Rh5 33. Bc6 Nd7 34. Rb4 Nc5 35. Nxc5 Rxc5 36. Rb7 Ra6 37. Bb5 Ra8 38. Rc3 Rf5 39. Bc6 Rxf4 40. Rxe7 Rb8 41. Rb7 Rh8 42. a5 Rf1 43. Ka4 d5 44. a6 d4 45. Rf3 Ra1+ 46. Ra3 Rc1 47. Rb6 Rxc6 48. Rxc6 Bd7 49. Kb5 Rc8 50. Kc5 Bxc6 51. Kxd4 g5 52. b4 g4 53. Ra5 Ra8 54. Kc5 Bf3 55. Ra3 Kg6 56. b5 Rc8+ 57. Kd4 Rd8+ 58. Kc5 Be4 59. b6 f5 60. b7 Kg5 61. Kb6 f4 62. Rc3 Bxb7 63. axb7 Rb8 64. Rc8 Rxb7+ 65. Kxb7 g3 66. Rg8+ Kh4 67. Kc6 f3 68. Rf8 g2 69. Rxf3 g1Q 70. Rf4+ Kg5 71. Rc4 Kf5 72. Kd5 Qd1+ 73. Kc5 Ke5 74. Kb6 Qb3+ 75. Kc5 Qe3+ 76. Kc6 Qd3 77. Rc5+ Ke6 78. Kb6 Qd4 79. Kb5 Kd6 80. Rc4 Qb2+ 81. Rb4 Qc3 82. Rc4 Qb3+ 83. Rb4 Qd5+ 84. Ka4 Qa2+ 85. Kb5 Kd5 86. Kb6 Qf2+ 87. Kb5 Qa7 88. Rb3 Qc5+ 89. Ka4 Qc2 90. Kb4 Qc4+ 91. Ka3 Kc5 92. Kb2 Qd4+ 93. Kc1 Kc4 94. Rb2 Qg1+ 95. Kd2 Qf2+ 96. Kc1 Qe1+ 97. Kc2 Qa5 98. Kb1 Qa4 99. Ra2 Qb3+ 100. Ka1 Qd1+ 101. Kb2 Kb4 102. Ra1 Qd2+ 103. Kb1 Kb3 0-1

[Event "GRE CupT final 37th"]
[Site "Patras"]
[Date "2019.06.30"]
[Round "2.2"]
[White "Sidiropoulos, Nikolaos"]
[Black "Markantonaki, Haritomeni"]
[Result "1/2-1/2"]
[WhiteElo "2090"]
[BlackElo "2172"]
[PlyCount "103"]
[EventDate "2019.06.30"]
[EventType "team-k.o."]
[EventRounds "3"]
[EventCountry "GRE"]
[SourceTitle "CBM 191 Extra"]
[Source "ChessBase"]
[SourceDate "2019.09.30"]
[SourceVersion "1"]
[SourceVersionDate "2019.09.30"]
[SourceQuality "1"]
[WhiteTeam "Peiraikos OS"]
[BlackTeam "Asia Aegiou"]
[WhiteTeamCountry "GRE"]
[BlackTeamCountry "GRE"]

1. e4 c5 2. c4 Nc6 3. Nc3 g6 4. g3 Bg7 5. Bg2 d6 6. Nge2 e6 7. d3 Nge7 8. 0-0 0-0 9. Be3 Nd4 10. Qd2 Nec6 11. Bh6 a6 12. Bxg7 Kxg7 13. b3 Rb8 14. f4 b5 15. Qb2 Qf6 16. e5 dxe5 17. Ne4 Qe7 18. fxe5 Nxe2+ 19. Qxe2 Nd4 20. Qf2 Bb7 21. Qf6+ Qxf6 22. exf6+ Kg8 23. Nxc5 Bxg2 24. Kxg2 Rbc8 25. Nxa6 Nc2 26. cxb5 Nxa1 27. Rxa1 Rfd8 28. Nb4 Rc5 29. a4 Rd4 30. Na6 Rc2+ 31. Kh3 g5 32. Rh1 Rf2 33. b6 g4+ 34. Kh4 Rxf6 35. b7 Rh6+ 36. Kg5 Rg6+ 37. Kh4 Kg7 38. Rf1 Rh6+ 39. Kg5 Rg6+ 40. Kh4 Rh6+ 41. Kg5 f6+ 42. Rxf6 Rxf6 43. b8Q Rg6+ 44. Kh4 Rh6+ 45. Kg5 Rg6+ 46. Kh4 Rh6+ 47. Kg5 Rg6+ 48. Kh4 Rh6+ 49. Kg5 Rg6+ 50. Kh4 Rh6+ 51. Kg5 Rg6+ 52. Kh4 1/2-1/2

[Event "Athens Chess Square op"]
[Site "Athens"]
[Date "2019.01.06"]
[Round "7"]
[White "Markantonaki, Haritomeni"]
[Black "Girvalakis, Spyridon"]
[Result "1-0"]
[WhiteElo "2122"]
[BlackElo "1925"]
[PlyCount "75"]
[EventDate "2019.01.01"]
[EventType "swiss"]
[EventRounds "8"]
[EventCountry "GRE"]
[SourceTitle "CBM 189 Extra"]
[Source "ChessBase"]
[SourceDate "2019.06.03"]
[SourceVersion "1"]
[SourceVersionDate "2019.06.03"]
[SourceQuality "1"]

1. e4 e6 2. d4 d5 3. Nd2 Nf6 4. e5 Nfd7 5. c3 c5 6. f4 cxd4 7. cxd4 Nc6 8. Ndf3 Qb6 9. a3 a5 10. h4 Be7 11. h5 f6 12. Bd3 fxe5 13. fxe5 Rf8 14. Ne2 Kd8 15. Bxh7 a4 16. Nf4 Rxf4 17. Bxf4 Qxb2 18. 0-0 Ra6 19. Rf2 Qb6 20. Rb1 Qa7 21. Bd3 Rb6 22. Rxb6 Nxb6 23. Qc1 Nc4 24. Bxc4 dxc4 25. Qxc4 Bxa3 26. Bg5+ Ke8 27. Ra2 Bb4 28. Bd2 Bxd2 29. Rxd2 Bd7 30. Qd3 b5 31. Qg6+ Kd8 32. Qxg7 Be8 33. h6 Qxg7 34. hxg7 Bf7 35. Ng5 Bg8 36. Rf2 Kd7 37. Ne4 Ne7 38. Rf8 1-0

[Event "Athens Chess Square op"]
[Site "Athens"]
[Date "2019.01.04"]
[Round "4"]
[White "Kotronias, Vasilios"]
[Black "Markantonaki, Haritomeni"]
[Result "1-0"]
[WhiteElo "2493"]
[BlackElo "2122"]
[PlyCount "65"]
[EventDate "2019.01.01"]
[EventType "swiss"]
[EventRounds "8"]
[EventCountry "GRE"]
[SourceTitle "CBM 189 Extra"]
[Source "ChessBase"]
[SourceDate "2019.06.03"]
[SourceVersion "1"]
[SourceVersionDate "2019.06.03"]
[SourceQuality "1"]

1. e4 e5 2. Nf3 Nc6 3. Bb5 a6 4. Ba4 Nf6 5. 0-0 b5 6. Bb3 Bb7 7. d3 Be7 8. a4 0-0 9. Nc3 b4 10. Nd5 Na5 11. Ba2 Nxd5 12. Bxd5 Bxd5 13. exd5 d6 14. Bd2 Rb8 15. c3 c5 16. dxc6 Nxc6 17. d4 exd4 18. cxd4 d5 19. Rc1 Qb6 20. Re1 Bd6 21. Ne5 Nxe5 22. dxe5 Bc5 23. Qf3 Rfe8 24. Bf4 Rbd8 25. Red1 Rd7 26. Rd2 Bd4 27. a5 Qa7 28. Qd3 Bc5 29. Rdc2 Bd4 30. Rc8 Bxf2+ 31. Kf1 Rde7 32. R1c7 Qd4 33. Qf5 1-0